[Event "I Open FIDE 60+30"]
[Site "Robecchetto con Induno ITA"]
[Date "2015.02.12"]
[Round "6"]
[White "Minore, Antonino"]
[Black "Fortes Serra, Jordi"]
[WhiteElo "1291"]
[BlackElo "1536"]
[Result "0-1"]
[PlyCount "106"]
[EventDate "2015.01.08"]

1. c4 e5 2. e3 Nf6 3. b3 d5 4. Bb2 d4 5. exd4 exd4 6. d3 Bb4+ 7. Nd2 c5 8. a3
Ba5 9. b4 cxb4 10. axb4 Bxb4 11. Qa4+ Nc6 12. Ba3 Bxa3 13. Qxa3 Qe7+ 14. Be2
Qxa3 15. Rxa3 O-O 16. Ngf3 Re8 17. Ng5 Bf5 18. f3 h6 19. Nge4 Nxe4 20. fxe4 Be6
21. O-O a5 22. Nb3 b6 23. Bd1 Red8 24. Bh5 Ne5 25. Nd2 Rdc8 26. Be2 Bd7 27. Rb1
Rab8 28. Nb3 Nc6 29. Nd2 Nb4 30. Bd1 Ra8 31. Nf3 b5 32. Ne5 Be8 33. Bb3 Rc5 34.
Nf3 Nxd3 35. cxb5 Rxb5 36. Bxf7+ Kxf7 37. Rxb5 Bxb5 38. Nxd4 Bc4 39. Nf5 Nb2
40. Rg3 Rg8 41. h4 Bd3 42. Nd6+ Ke6 43. Nb7 a4 44. Nc5+ Ke5 45. Nxd3+ Nxd3 46.
Rxd3 Ra8 47. Ra3 Kxe4 48. Kf2 Kd4 49. Kf3 Kc4 50. g4 Kb4 51. Re3 a3 52. g5 a2
53. gxh6 gxh6 0-1

[Event "I Open FIDE 60+30"]
[Site "Robecchetto con Induno ITA"]
[Date "2015.02.12"]
[Round "6"]
[White "Puricelli, Roberto"]
[Black "Rancati, David"]
[WhiteElo "1515"]
[BlackElo "1547"]
[Result "1-0"]
[PlyCount "97"]
[EventDate "2015.01.08"]

1. e4 e5 2. Nf3 Nf6 3. d3 Nc6 4. Nc3 Be7 5. Be2 d5 6. exd5 Nxd5 7. Bd2 Be6 8.
O-O a6 9. Re1 Nb6 10. h3 Qd7 11. Bf1 f6 12. Ne4 Rd8 13. a3 Nc8 14. Qc1 b6 15.
Bc3 Nd6 16. Qe3 Nf5 17. Qe2 O-O 18. Rad1 Ncd4 19. Bxd4 Nxd4 20. Nxd4 Qxd4 21.
c3 Qa4 22. Qe3 Bc8 23. Rd2 Rd7 24. Red1 Rfd8 25. Be2 c5 26. Ng3 Qf4 27. Qxf4
exf4 28. Nf5 Bf8 29. Nh4 Bb7 30. Nf3 a5 31. d4 Bxf3 32. Bxf3 cxd4 33. Rxd4 Rxd4
34. Rxd4 Rxd4 35. cxd4 Bd6 36. Kf1 g5 37. Ke2 Kf7 38. Kd3 Ke7 39. Kc4 h6 40.
Kb5 Bc7 41. Kc6 Kd8 42. Bg4 h5 43. Bxh5 Kc8 44. Bg4+ Kb8 45. Bf5 Bd8 46. d5 Ka7
47. Kd7 Be7 48. Kxe7 Kb8 49. d6 1-0

[Event "I Open FIDE 60+30"]
[Site "Robecchetto con Induno ITA"]
[Date "2015.02.19"]
[Round "7"]
[White "Fortes Serra, Jordi"]
[Black "Madaschi, Sergio"]
[WhiteElo "1536"]
[BlackElo "1498"]
[Result "0-1"]
[PlyCount "79"]
[EventDate "2015.01.08"]

1. Nf3 Nf6 2. d4 g6 3. c4 Bg7 4. Nc3 O-O 5. e4 d6 6. Be2 Nbd7 7. Bf4 Re8 8. O-O
c6 9. Rc1 Nh5 10. Be3 Nhf6 11. Qd2 e5 12. dxe5 dxe5 13. Rfd1 Qc7 14. Qd6 Qxd6
15. Rxd6 Bf8 16. Rd2 Nc5 17. Bd3 Nxd3 18. Rxd3 Bg4 19. Bg5 Nh5 20. h3 Bc8 21.
Rcd1 f6 22. Be3 Be6 23. b3 b6 24. Na4 g5 25. Nh2 Ng7 26. Ng4 Kf7 27. f3 Kg6 28.
Bxg5 fxg5 29. Nc3 Bc5+ 30. Kf1 Bd4 31. Ne2 c5 32. Ne3 Rad8 33. Nd5 Bxd5 34.
cxd5 Nh5 35. g4 Nf4 36. Nxf4+ exf4 37. Kg2 Rg8 38. Rc1 h5 39. Rc2 Rgf8 40. a3
0-1

[Event "I Open FIDE 60+30"]
[Site "Robecchetto con Induno ITA"]
[Date "2015.02.19"]
[Round "7"]
[White "Frignani, Alessandro"]
[Black "Giusti, Francesco"]
[WhiteElo "1378"]
[BlackElo "1554"]
[Result "0-1"]
[PlyCount "120"]
[EventDate "2015.01.08"]

1. e4 Nc6 2. f4 e5 3. d3 exf4 4. Bxf4 g6 5. Nf3 Bg7 6. c3 d6 7. h3 h6 8. Qb3
Nf6 9. Nbd2 O-O 10. O-O-O Nh5 11. Bh2 b6 12. Be2 a5 13. a4 Be6 14. Qc2 Na7 15.
d4 Bd7 16. Rdg1 b5 17. b3 bxa4 18. bxa4 Qe8 19. g4 Nf6 20. e5 dxe5 21. Nxe5
Bxa4 22. Qa2 Nc8 23. Bf3 Ra7 24. Re1 Ne7 25. Qc4 Bb5 26. Qc5 Ra6 27. Bb7 Re6
28. Qxc7 a4 29. c4 Bd7 30. d5 Rxe5 31. Qxe5 Nfxd5 32. Qxd5 Nxd5 33. Rxe8 Rxe8
34. Bxd5 a3 35. c5 Re3 36. Kc2 Ba4+ 37. Kc1 Bb2+ 38. Kb1 Rd3 39. Bxf7+ Kxf7 40.
Rf1+ Ke6 41. Re1+ Kd7 42. Nc4 Bc2+ 43. Ka2 Rxh3 44. Nxb2 axb2 45. Kxb2 Rxh2 46.
Rg1 Kc6 47. Kc3 Kxc5 48. Rc1 Be4 49. Kb3+ Kd5 50. Kb4 Rg2 51. Rc5+ Kd6 52. Rb5
Rb2+ 53. Ka5 Rxb5+ 54. Kxb5 Bf3 55. g5 hxg5 56. Kc4 Ke5 57. Kd3 Kf4 58. Kd2 g4
59. Ke1 g3 60. Kf1 g5 0-1

[Event "I Open FIDE 60+30"]
[Site "Robecchetto con Induno ITA"]
[Date "2015.02.17"]
[Round "7"]
[White "Garcia Rubi, Juan"]
[Black "Minore, Antonino"]
[WhiteElo "1421"]
[BlackElo "1291"]
[Result "1-0"]
[PlyCount "75"]
[EventDate "2015.01.08"]

1. e4 c5 2. Nf3 Nc6 3. d4 cxd4 4. Nxd4 Nf6 5. Nc3 a6 6. Be2 e6 7. a3 Be7 8. O-O
O-O 9. f4 Bc5 10. Be3 Nxd4 11. Bxd4 Qb6 12. Bxc5 Qxc5+ 13. Kh1 b5 14. Bf3 Bb7
15. e5 Bxf3 16. Rxf3 Nd5 17. Nxd5 exd5 18. Rd3 Rac8 19. c3 Qf2 20. Qd2 Qh4 21.
Rxd5 Rc6 22. Rxd7 Rh6 23. g3 Qxg3 24. Rf1 Rxh2+ 25. Qxh2 Qe3 26. Qg2 g6 27. Qf3
Qb6 28. Rfd1 Kg7 29. R1d6 Qc5 30. e6 b4 31. cxb4 Qf5 32. Rxf7+ Rxf7 33. exf7
Qb1+ 34. Kh2 Qxb2+ 35. Kg3 Kxf7 36. Qd5+ Kg7 37. Qd4+ Qxd4 38. Rxd4 1-0

[Event "I Open FIDE 60+30"]
[Site "Robecchetto con Induno ITA"]
[Date "2015.02.16"]
[Round "7"]
[White "Puricelli, Roberto"]
[Black "Gbessou, Remi Stephan"]
[WhiteElo "1515"]
[BlackElo "1269"]
[Result "1-0"]
[PlyCount "79"]
[EventDate "2015.01.08"]

1. e4 d6 2. d4 Nf6 3. Nc3 g6 4. Be3 Bg7 5. h3 c6 6. Nf3 Nbd7 7. Bc4 b5 8. Bb3
e5 9. dxe5 dxe5 10. a3 O-O 11. O-O Bb7 12. Qe2 Qc7 13. Rfd1 Rfe8 14. Qe1 a6 15.
Ba2 c5 16. Nd5 Nxd5 17. Bxd5 Bxd5 18. Rxd5 Nf6 19. Rxc5 Qd6 20. Rd1 Qb8 21. Bg5
Qb7 22. Bxf6 Bxf6 23. Rdd5 Be7 24. Rc3 b4 25. Rb3 a5 26. Rbd3 f6 27. Nd2 Rec8
28. Rd7 Rc7 29. Rxc7 Qxc7 30. c4 Rb8 31. axb4 Bxb4 32. b3 Rd8 33. Qe3 Bxd2 34.
Qxd2 Rxd3 35. Qxd3 Qb6 36. Qd5+ Kg7 37. Qb5 Qxb5 38. cxb5 Kf7 39. b6 Ke7 40. b7
1-0

[Event "I Open FIDE 60+30"]
[Site "Robecchetto con Induno ITA"]
[Date "2015.02.16"]
[Round "7"]
[White "Rancati, David"]
[Black "Koureas, Panicos"]
[WhiteElo "1547"]
[BlackElo "1441"]
[Result "1-0"]
[PlyCount "75"]
[EventDate "2015.01.08"]

1. d4 d5 2. Nf3 Nf6 3. e3 e6 4. Bd3 Be7 5. c3 b6 6. Qc2 Bb7 7. Nbd2 Nbd7 8. e4
dxe4 9. Nxe4 Nxe4 10. Bxe4 Bxe4 11. Qxe4 Nf6 12. Qe2 O-O 13. Ne5 c5 14. Nc6 Qc7
15. Nxe7+ Qxe7 16. dxc5 Qxc5 17. Be3 Qc6 18. O-O Rad8 19. Bd4 Qe4 20. Qb5 Rd5
21. Qa6 e5 22. f3 Qf4 23. Bf2 Rfd8 24. Qxa7 e4 25. Qa4 Rg5 26. fxe4 Qf3 27. Bg3
Qe3+ 28. Bf2 Qf3 29. Bg3 Qe3+ 30. Rf2 Nxe4 31. Rd1 Rxd1+ 32. Qxd1 h5 33. Qf3
Qe1+ 34. Rf1 Rxg3 35. Qxf7+ Kh7 36. Rxe1 Ng5 37. Qc7 Nf3+ 38. Kf2 1-0